Разработка измерителя длины немагнитных протяженных изделий вихретоковым методом; Вестник науки Сибири; № 1 (7)

Bibliografske podrobnosti
Parent link:Вестник науки Сибири: электронный научный журнал/ Томский политехнический университет (ТПУ).— , 2011-.— 2226-0064
№ 1 (7).— 2013.— [С. 117-128]
Glavni avtor: Гынгазова Г. С. Галина Степановна
Drugi avtorji: Миляев Д. В. Дмитрий Васильевич, Ермошин Н. И. Николай Иванович
Izvleček:Заглавие с титульного листа
Приведен обзор методов измерения длины. Подробно рассмотрен вихретоковый метод измерения длины. Проведен анализ чувствительностей параметров вихретокового преобразователя к параметрам движущегося изделия. Описаны экспериментально полученные данные.
Jezik:ruščina
Izdano: 2013
Serija:Инженерные науки
Teme:
Online dostop:http://earchive.tpu.ru/handle/11683/16365
Format: Elektronski Book Chapter
KOHA link:https://koha.lib.tpu.ru/cgi-bin/koha/opac-detail.pl?biblionumber=504933

MARC

LEADER 00000naa2a2200000 4500
001 504933
005 20231101102907.0
035 |a (RuTPU)RU\TPU\prd\175750 
035 |a RU\TPU\prd\175377 
090 |a 504933 
100 |a 20130417d2013 k y0rusy50 ca 
101 0 |a rus 
102 |a RU 
135 |a drnn ---uucaa 
181 0 |a i  
182 0 |a b 
200 1 |a Разработка измерителя длины немагнитных протяженных изделий вихретоковым методом  |f Г. С. Гынгазова, Д. В. Миляев, Н. И. Ермошин 
203 |a Текст  |c электронный 
215 |a 1 файл (875 Кб) 
225 1 |a Инженерные науки 
230 |a Электронные текстовые данные (1 файл : 875 Кб) 
300 |a Заглавие с титульного листа 
320 |a [Библиогр.: с. 128 (3 назв.)] 
330 |a Приведен обзор методов измерения длины. Подробно рассмотрен вихретоковый метод измерения длины. Проведен анализ чувствительностей параметров вихретокового преобразователя к параметрам движущегося изделия. Описаны экспериментально полученные данные. 
337 |a Adobe Reader 
461 1 |0 (RuTPU)RU\TPU\prd\143680  |x 2226-0064  |t Вестник науки Сибири  |o электронный научный журнал  |f Томский политехнический университет (ТПУ)  |d 2011- 
463 1 |0 (RuTPU)RU\TPU\prd\174137  |t № 1 (7)  |v [С. 117-128]  |d 2013 
610 1 |a вихретоковые преобразователи 
610 1 |a вихретоковый метод 
610 1 |a протяженные изделия 
610 1 |a скоростной эффект 
610 1 |a длина 
610 1 |a измерение 
610 1 |a годографы 
610 1 |a методы измерения 
610 1 |a труды учёных ТПУ 
610 1 |a электронный ресурс 
675 |a 528.88  |v 3 
700 1 |a Гынгазова  |b Г. С.  |g Галина Степановна 
701 1 |a Миляев  |b Д. В.  |c российский учёный в области информационно-измерительной техники  |c доцент Томского политехнического университета, кандидат технических наук  |f 1940-  |g Дмитрий Васильевич  |2 stltpush  |3 (RuTPU)RU\TPU\pers\26529 
701 1 |a Ермошин  |b Н. И.  |g Николай Иванович 
801 1 |a RU  |b 63413507  |c 20090623  |g PSBO 
801 2 |a RU  |b 63413507  |c 20180115  |g PSBO 
856 4 |u http://earchive.tpu.ru/handle/11683/16365 
942 |c BK